Days of the week - Statistics

General Stats
  • This quiz has been taken 154 times
  • The average score is 5 of 7
Answer Stats
Answer % Correct
Monday
98%
Tuesday
89%
Wednesday
76%
Thursday
70%
Friday
67%
Sunday
65%
Saturday
54%
No matching quizzes found
Score Distribution
Percent of People with Each Score
Percentile by Number Answered
Your Score History
You have not taken this quiz